000 00592nam a22001577a 4500
020 _qHard Cover.
082 _a620.005
100 _aTalat Nawab Khattack
245 _aA study of impact of infrastructure load sharing (host-guest) on the performance of operators in telecom sector of Pakistan /
_cTalat Nawab Khattack
260 _aIslamabad :
_bCEME - NUST,
_c2017.
300 _axvi, 102p. : ill. ;
_c30cm.
650 _aEngineering Management-MS-Thesis
_916065
700 _aDr. Tasweer Hussain Syed.
_932933
942 _2ddc
_cTHE
999 _c540462
_d540462